In defence of honour and justice : (Record no. 100295)

MARC details
000 -LEADER
fixed length control field 00721nam a22001937a 4500
005 - DATE AND TIME OF LATEST TRANSACTION
control field 20181204150514.0
010 ## - LCCN (DPL NO)
LC control number ENG-115258
020 ## - INTERNATIONAL STANDARD BOOK NUMBER
International Standard Book Number 9789384082062
Terms of availability 795.00
035 ## - SYSTEM CONTROL NUMBER
System control number EN-98790
037 ## - SOURCE OF ACQUISITION
Source of stock number/acquisition DBAD/PUB
100 ## - MAIN ENTRY--PERSONAL NAME
Personal name Dasgupta,Sabyasachi
245 ## - TITLE STATEMENT
Title In defence of honour and justice :
Remainder of title sepoy rebellions in the nineteenth century /
Statement of responsibility, etc by Sabyasachi Dasgupta
260 ## - PUBLICATION, DISTRIBUTION, ETC. (IMPRINT)
Place of publication, distribution, etc Delhi
Name of publisher, distributor, etc Primus Books
Date of publication, distribution, etc 2015
270 ## - ADDRESS
Address Virat Bhawan, Mukherjee Nagar Commercial Complex
City Delhi
Postal code 110009
300 ## - PHYSICAL DESCRIPTION
Extent x,143p. :
Other physical details ill.
Dimensions 24cm(Hb)
500 ## - GENERAL NOTE
General note Includes bibliographical references (pages 125-132) and index.
650 ## - SUBJECT ADDED ENTRY--TOPICAL TERM
Topical term or geographic name as entry element Mutiny
Geographic subdivision India
General subdivision History
Chronological subdivision 19th century.
942 ## - ADDED ENTRY ELEMENTS (KOHA)
Source of classification or shelving scheme Dewey Decimal Classification
Item type English Books
Call number suffix DAS
Classification part 954.0317
Holdings
Withdrawn status Lost status Not for loan Collection code Home library Current library Date acquired Source of acquisition Cost, normal purchase price Full call number Barcode Copy number Cost, replacement price Koha item type
    Not For Loan Non-fiction D.B.Act.Division Bawana 14/06/2016 DBAD/PUB 795.00 954.0317 DAS EN-98790 1 795.00 English Books

© Delhi Public Library
Hit Counter
free hit counter